Manuel Filiberto : (Record no. 197985)

MARC details
000 -LEADER
campo de control de longitud fija 01592cam a2200385 i 4500
001 - NÚMERO DE CONTROL
campo de control 197985
003 - IDENTIFICADOR DE NÚMERO DE CONTROL
campo de control ES-MaACL
005 - FECHA Y HORA DE LA ÚLTIMA TRANSACCIÓN
campo de control 20260207063011.0
008 - DATOS DE LONGITUD FIJA--INFORMACIÓN GENERAL
campo de control de longitud fija 251126s2008 sp a | |||| 001 0 spa
017 ## - NÚMERO DE COPYRIGHT O DE DEPÓSITO LEGAL
Número de copyright o de depósito legal M 53413-2008
Agencia que asigna Oficina Depósito Legal Madrid
020 ## - NÚMERO INTERNACIONAL ESTÁNDAR DEL LIBRO
Número Internacional Estándar del Libro 978-84-9739-077-4
040 ## - FUENTE DE CATALOGACIÓN
Centro catalogador/agencia de origen ES-MaACL
Lengua de catalogación spa
Centro/agencia transcriptor ES-MaACL
Normas de descripción rdc
080 ## - NÚMERO DE LA CLASIFICACIÓN DECIMAL UNIVERSAL
Número de la Clasificación Decimal Universal 929 Savoia, Emanuele Filiberto, duca di
080 ## - NÚMERO DE LA CLASIFICACIÓN DECIMAL UNIVERSAL
Número de la Clasificación Decimal Universal 94(460)"1516/56"
080 ## - NÚMERO DE LA CLASIFICACIÓN DECIMAL UNIVERSAL
Número de la Clasificación Decimal Universal 94(460)"1556/98"
100 ## - ENTRADA PRINCIPAL--NOMBRE DE PERSONA
Nombre de persona Merlin, Pierpaolo
Fechas asociadas al nombre 1956-
9 (RLIN) 242546
Término indicativo de función/relación Autor
245 10 - MENCIÓN DEL TÍTULO
Título Manuel Filiberto :
Resto del título Duque de Saboya y General de España /
Mención de responsabilidad, etc. Pierpaolo Merlin ; traducción, Mariano Corral Raciti
264 ## - PRODUCCIÓN, PUBLICACIÓN, DISTRIBUCIÓN, FABRICACIÓN Y COPYRIGHT
Producción, publicación, distribución, fabricación y copyright San Sebastián de los Reyes, Madrid :
Nombre del de productor, editor, distribuidor, fabricante Editorial Actas,
Fecha de producción, publicación, distribución, fabricación o copyright 2008
300 ## - DESCRIPCIÓN FÍSICA
Extensión 431 páginas :
Otras características físicas mapa ;
Dimensiones 25 cm
336 ## - TIPO DE CONTENIDO
Fuente rdacontent
Término de tipo de contenido texto
337 ## - TIPO DE MEDIO
Fuente rdamedia
Nombre/término del tipo de medio sin mediación
338 ## - TIPO DE SOPORTE
Fuente rdacarrier
Nombre/término del tipo de soporte volumen
490 0# - MENCIÓN DE SERIE
Mención de serie Pasado vivo / colección dirigida por Luis A. Ribot ;
Designación de volumen o secuencia 2
504 ## - NOTA DE BIBLIOGRAFÍA, ETC.
Nota de bibliografía, etc. Incluye referencias bibliográficas e índices
600 #4 - PUNTO DE ACCESO ADICIONAL DE MATERIA--NOMBRE DE PERSONA
Nombre de persona Savoia, Emanuele Filiberto,
Títulos y otros términos asociados al nombre duca di
Fechas asociadas al nombre 1528-1580
9 (RLIN) 242547
651 #7 - PUNTO DE ACCESO ADICIONAL DE MATERIA--NOMBRE GEOGRÁFICO
Nombre geográfico España
Subdivisión general Historia
Subdivisión cronológica 1516-1556 (Carlos I)
Fuente del encabezamiento o término embne
9 (RLIN) 8224
651 #7 - PUNTO DE ACCESO ADICIONAL DE MATERIA--NOMBRE GEOGRÁFICO
Nombre geográfico España
Subdivisión general Historia
Subdivisión cronológica 1556-1598 (Felipe II)
Fuente del encabezamiento o término embne
9 (RLIN) 8218
700 1# - ENTRADA AGREGADA--NOMBRE PERSONAL
9 (RLIN) 242769
Nombre de persona Corral Raciti, Mariano
Término indicativo de función/relación Traductor
852 ## - LOCALIZACIÓN
Ubicación ES-MaACL
Ubicación en estantería Depósito 1
Número de control de estantería A-15897
Donativo/Legado Donación: José Lázaro García
Encuadernación Encuadernación rústica
942 ## - ELEMENTOS DE ENTRADA SECUNDARIOS (KOHA)
Tipo de ítem Koha Libro impreso
Suprimir en OPAC No
Holdings
Estatus retirado Estado de pérdida Fuente del sistema de clasificación o colocación Estado de daño No para préstamo Biblioteca de origen Biblioteca actual Ubicación en estantería Fecha de adquisición Fuente de adquisición Total de préstamos Signatura topográfica completa Código de barras Visto por última vez Precio de reemplazo Tipo de ítem Koha
    Clasificación decimal universal     Biblioteca del Ateneo de Madrid Biblioteca del Ateneo de Madrid Depósito 1 26/11/2025 Donación   A-15897 2026-0024 05/02/2026 05/02/2026 Libro impreso